Statistiche per Dove giocava nel 2010-2011? - Quiz n°30

Clicka qui per fare il quiz!

Statistiche generali

  • Questo quiz è stato fatto 11 volte
  • Il punteggio medio è 8 su 10

Statistiche sulle risposte

HintRisposta% Corretto
Domenico CriscitoGenoa
100%
Ezequiel LavezziNapoli
91%
NeymarSantos
91%
Axel WitselStandard Liegi
91%
Mario MandžukićWolfsburg
91%
Matías VecinoCentral Español
82%
Andrea RaggiBari
73%
Alejandro GómezCatania
73%
Simone VerdiMilan
45%
AllanVasco da Gama
45%

Distribuzione punteggi

Percentile per numero di risposta

Percentuale di utenti per punteggio

I tuoi punteggi nel tempo

Non hai fatto questo quiz